| 000 | 00674nam a2200181Ia 4500 | ||
|---|---|---|---|
| 008 | 090123s9999 xx 000 0 und d | ||
| 082 | _b17124 | ||
| 100 | _aकुलकर्णी प्रि.खं. | ||
| 245 | _aऊर्जा प्रश्न आशा उद्याच्य | ||
| 250 | _a2 | ||
| 260 |
_bराजहंस _c1989 |
||
| 300 | _a111 | ||
| 600 | _aकुलकर्णी प्रि.खं. | ||
| 630 | _aऊर्जा प्रश्न आशा उद्याच्य | ||
| 700 | _aकुलकर्णी प्रि.खं. | ||
| 730 | _aऊर्जा प्रश्न आशा उद्याच्य | ||
| 942 | _cBOOK | ||
| 999 |
_c55184 _d55184 |
||